Memorias del teatro combatiente : teatro alianza, teatro para el hombre y teatro laboratorio. bahía blanca 1969-1989 /

Guardado en:
Autor Principal: Aguirre, Coral
Formato: Libro
Publicado: Bahía Blanca : Ediuns, 2015
Series:Extensión. Estudios Sociales y Humanidades
Materias:
Etiquetas: Agregar Etiqueta
Sin Etiquetas, Sea el primero en etiquetar este registro!
LEADER 00687nam a22002055a 4500
001 CEM.cems014910
005 20180522140856.0
008 130507s2015##################000#0#####d
003 CEMS
020 |a 9789876550710 
082 0 4 |a A862.4 
100 1 |a Aguirre, Coral 
245 1 0 |a Memorias del teatro combatiente :  |b teatro alianza, teatro para el hombre y teatro laboratorio. bahía blanca 1969-1989 /  |c Coral Aguirre 
260 |a Bahía Blanca :  |b Ediuns,  |c 2015 
300 |a 234 p. 
490 0 |a Extensión. Estudios Sociales y Humanidades 
653 |a Teatro 
653 |a Teatro bahiense 
653 |a Historia del teatro 
859 |a CEMS  |b BIB. CEMS - 11 de abril  |h A862.4  |i Ag93-1  |p 27530.18  |t Ej.1